[Event "Santa Maria di Sala op-B 29th"]
[Site "Santa Maria di Sala"]
[Date "2022.12.11"]
[Round "4"]
[White "Tosetto, Francesco"]
[Black "Steffenato, Stefano"]
[Result "0-1"]
[WhiteElo "1534"]
[BlackElo "1588"]
[PlyCount "52"]
[EventDate "2022.12.09"]
[EventType "swiss"]
[EventRounds "5"]
[EventCountry "ITA"]
[SourceTitle "EXT 2024"]
[Source "ChessBase"]
[SourceDate "2023.10.10"]
[SourceVersion "1"]
[SourceVersionDate "2023.10.10"]
[SourceQuality "1"]

1. e4 e5 2. Bc4 d6 3. Nf3 Be7 4. b3 Nf6 5. Nc3 Bg4 6. Qe2 c6 7. a4 Nbd7 8. Qe3 0-0 9. Bb2 h6 10. h3 Bxf3 11. gxf3 Nh5 12. Ne2 Bg5 13. Qd3 Nb6 14. Qc3 Nxc4 15. Qxc4 Nf4 16. Nxf4 Bxf4 17. 0-0-0 d5 18. exd5 cxd5 19. Qb5 b6 20. h4 Rc8 21. Rdg1 Qc7 22. Qd3 Qc5 23. Rg2 Rc7 24. Rhg1 f5 25. Kb1 Rff7 26. Rg6 d4 0-1